00457 2200169 4500001002100000005001500021035002000036008004100056245003800097100002500135260003600160300001300196084001400209082000800223650003000231990002600261INLIS00000000000039420240122021544 a0010-0823000394240122 0 ind 1 aSaat-Saat Rasulullah SAW Bersedih aMuhammad Asy-Syahawi aJakarta :bPustaka Azzam,c2004 a180 hlm. a2x9 ASY s a2x9 4aSejarah Nabi Muhammad SAW a0843/STITINKA/01/2023